00622nam a22002177a 45000010005000000030009000050050017000140080041000310200015000720400028000870820016001151000023001312450084001542500012002382600031002503000045002815000020003266500016003467000021003627000021003834551BD-DhUAP20210105101955.0210105s2002 nyua 001 0 eng d a0471382280 aDLCcDLCdBD-DhUAPbeng00a657 WEY2231 aWeygandt, Jerry J.00aAccounting principles /cJerry J. Weygandt, Donald E. Kieso and Paul D. Kimmel. a6th ed. aNew York :bWiley,cc2002. avarious pages :billustrations ;c24 cm. aIncludes index. 0aAccounting.1 aKieso, Donald E.1 aKimmel, Paul D.